Die Akte/n
| Titel: | Die Akte/n / herausgegeben von Peter Plener, Burkhardt Wolf |
|---|---|
| Beteiligt: | ; |
| Veröffentlicht: |
Berlin, Heidelberg : Springer, [2025] Berlin : J. B. Metzler, [2025] |
| Umfang: | XVII, 511 Seiten : 53 Abb., 46 Abb. in Farbe. |
| Format: | Buch |
| Sprache: | Deutsch |
| Schriftenreihe/ mehrbändiges Werk: |
AdminiStudies. Formen und Medien der Verwaltung ; Band 4 |
| Andere Ausgaben: |
Erscheint auch als Online-Ausgabe: Die Akte/n. - Berlin, Heidelberg : Springer Berlin Heidelberg, 2025
|
| ISBN: | 9783662702420 ; 9783662702413 |
| Hinweise zum Inhalt: |
Inhaltstext
Hinweise zum Inhalt Ausführliche Beschreibung Inhaltsverzeichnis |
alg: 54062832 001A $03005:11-12-25 001B $06000:05-02-26 $t17:35:57.000 001D $03005:11-12-25 001U $0utf8 001X $00 002@ $0Aau 002C $aText $btxt $2rdacontent 002D $aohne Hilfsmittel zu benutzen $bn $2rdamedia 002E $aBand $bnc $2rdacarrier 003@ $0540628328 003O $01560054410 $aOCoLC 004A $A978-3-662-70242-0 $febook 004A $A978-3-662-70241-3 $fprint 004K $09783662702413 006G $01341753034 006T $024,N38 006U $026,A06 $f20240912 007A $0540628328 $aHEB 009P $qtext/html $A2 $3Inhaltstext $uhttp://deposit.dnb.de/cgi-bin/dokserv?id=5c4e81c9be104d869a65cad4f94e8d14&prov=M&dok_var=1&dok_ext=htm $mX:MVB 009P $qtext/html $A2 $uhttps://link.springer.com/978-3-662-70241-3 $mX:MVB 009P $qtext/html $3Ausführliche Beschreibung $uhttp://scans.hebis.de/HEBCGI/show.pl?54062832_aub.html $mX:DE-He213 009P $qtext/html $3Inhaltsverzeichnis $uhttp://scans.hebis.de/HEBCGI/show.pl?54062832_toc.html $mX:DE-He213 010@ $ager 010E $erda 011@ $a2025 $n[2025] 021A $aDie @Akte/n $hherausgegeben von Peter Plener, Burkhardt Wolf 028C $BHerausgeber $4edt $7120002752 $8Plener, Peter$Z1968- [Tp3] $9151684413 028C $BHerausgeber $4edt $7173279783 $8Wolf, Burkhardt$Z1969- [Tp3] $9290534798 033A $pBerlin, Heidelberg $nSpringer 033A $pBerlin $nJ. B. Metzler 034D $aXVII, 511 Seiten 034M $a53 Abb., 46 Abb. in Farbe. 036E $aAdminiStudies. Formen und Medien der Verwaltung $x2730-9673 $lBand 4 039D $aErscheint auch als $tDie Akte/n $dBerlin, Heidelberg $eSpringer Berlin Heidelberg $f2025 $z978-3-662-70242-0 $nOnline-Ausgabe 044A $aCommunication $S#0 $N650 044A $aCulture $S#0 $xStudy and teaching $N650 044A $aInformation theory $S#0 $N650 044A $aLiterature $S#0 $N650 044A $aPolitical science $S#0 $N650 044A $aPublic administration $S#0 $N650 044A $aSociology $S#0 $N650 044A $aCultural Studies $S14 $N650 044A $aGovernance and Government $S24 $N650 044A $aLiterature $S24 $N650 044A $aMedia and Communication Theory $S24 $N650 044A $aPublic Administration $S24 $N650 044A $aSociology $S24 $N650 044K $qDNB $RAktenplan $#Ablageordnung $74128770-8 $8Aktenordnung [Ts1] $9085448346 045B $a306 $eDDC23eng 045E $c650 $c350 045R $aGeschichte lok: 54062832 11 exp: 54062832 11 1 #EPN 201B/01 $010-03-26 $t08:31:46.000 201C/01 $013-02-26 201U/01 $0utf8 203@/01 $01335221867 208@/01 $a10-03-26 $bz 209A/01 $a60 26 A 983 $du $f100 $x00 209B/01 $a002/2603 $x05 209G/01 $a84694398 $x00 247C/01 $8620100-3 <43>Wiesbaden, Hochschul- und Landesbibliothek RheinMain, Rheinstraße $9102599572 lok: 54062832 59 exp: 54062832 59 1 #EPN 201B/01 $011-12-25 $t15:46:03.000 201C/01 $011-12-25 201U/01 $0utf8 203@/01 $01329503597 208@/01 $a11-12-25 $bz 209A/01 $aHH 220.37 $ds $f106 $x00 209C/01 $a2025/179 209C/01 $anel2512 247C/01 $8358106-8Marburg, Bibliothek der Archivschule Marburg $910260097X lok: 54062832 105 exp: 54062832 105 1 #EPN 201B/01 $020-01-26 $t09:26:23.000 201C/01 $020-01-26 201U/01 $0utf8 203@/01 $01332393098 208@/01 $a20-01-26 $be 209A/01 $a/ $f106 $x00 237A/01 $aSignatur Archivschule Marburg: HH 220.37 245Z/01 $a2.16.05. $bArchivwissenschaft und Archivtheorie / Archivaliengattungen / Akten $x02 247C/01 $8->Marburg, Bibliographie zum Archivwesen der Archivschule Marburg $939588196X
| LEADER | 00000cam a2200000 c 4500 | ||
|---|---|---|---|
| 001 | 540628328 | ||
| 003 | DE-603 | ||
| 005 | 20260205173557.0 | ||
| 007 | tu | ||
| 008 | 251211s2025 xx |||| | u00||u|ger | ||
| 015 | |a 26,A06 |z 24,N38 |2 dnb | ||
| 016 | 7 | |2 DE-101 |a 1341753034 | |
| 020 | |a 9783662702420 |c ebook | ||
| 020 | |a 9783662702413 |c print | ||
| 024 | 3 | |a 9783662702413 | |
| 035 | |a (DE-599)HEB540628328 | ||
| 035 | |a (OCoLC)1560054410 | ||
| 040 | |a DE-603 |b ger |c DE-603 |d DE-603 |e rda | ||
| 041 | |a ger | ||
| 082 | 7 | |a 306 |2 23/eng | |
| 084 | |a 650 |a 350 |q DE-101 |2 sdnb | ||
| 245 | 0 | 0 | |a Die Akte/n |c herausgegeben von Peter Plener, Burkhardt Wolf |
| 264 | 1 | |a Berlin, Heidelberg |b Springer |c [2025] | |
| 264 | 1 | |a Berlin |b J. B. Metzler |c [2025] | |
| 300 | |a XVII, 511 Seiten |b 53 Abb., 46 Abb. in Farbe. | ||
| 336 | |a Text |b txt |2 rdacontent | ||
| 337 | |a ohne Hilfsmittel zu benutzen |b n |2 rdamedia | ||
| 338 | |a Band |b nc |2 rdacarrier | ||
| 490 | 0 | |a AdminiStudies. Formen und Medien der Verwaltung |x 2730-9673 |v Band 4 | |
| 648 | 7 | |a Geschichte |2 gnd | |
| 650 | 7 | |a Aktenordnung |0 (DE-588)4128770-8 |0 (DE-603)085448346 |2 gnd | |
| 700 | 1 | |a Plener, Peter |d 1968- |e Herausgeber |4 edt |0 (DE-603)151684413 |0 (DE-588)120002752 |2 gnd | |
| 700 | 1 | |a Wolf, Burkhardt |d 1969- |e Herausgeber |4 edt |0 (DE-603)290534798 |0 (DE-588)173279783 |2 gnd | |
| 776 | 0 | 8 | |i Erscheint auch als |n Online-Ausgabe |t Die Akte/n |d Berlin, Heidelberg : Springer Berlin Heidelberg, 2025 |z 9783662702420 |
| 856 | 4 | 2 | |m X:MVB |q text/html |u http://deposit.dnb.de/cgi-bin/dokserv?id=5c4e81c9be104d869a65cad4f94e8d14&prov=M&dok_var=1&dok_ext=htm |3 Inhaltstext |
| 856 | 4 | 2 | |m X:MVB |q text/html |u https://link.springer.com/978-3-662-70241-3 |
| 856 | 4 | 2 | |m X:DE-He213 |q text/html |u http://scans.hebis.de/HEBCGI/show.pl?54062832_aub.html |3 Ausführliche Beschreibung |
| 856 | 4 | 2 | |m X:DE-He213 |q text/html |u http://scans.hebis.de/HEBCGI/show.pl?54062832_toc.html |3 Inhaltsverzeichnis |
| 924 | 0 | |9 43 |a (DE-603)1335221867 |b DE-43 |c HES |d c |g 60 26 A 983 | |
| 924 | 0 | |9 Mb 106 |a (DE-603)1329503597 |b DE-Mb106 |c HES |d c |g HH 220.37 | |
| 924 | 0 | |9 - |a (DE-603)1332393098 |b DE- |c HES |d d |g / | |